[Event "SVK-chT2B 0607"]
[Site "Slovakia"]
[Date "2007.03.18"]
[Round "11.2"]
[White "Belan, Jozef"]
[Black "Juhasz, Ladislav"]
[Result "1-0"]
[WhiteElo "2089"]
[BlackElo "2036"]
[PlyCount "69"]
[EventDate "2006.10.14"]
[EventType "team-tourn"]
[EventRounds "11"]
[EventCountry "SVK"]
[SourceTitle "EXT 2008"]
[Source "ChessBase"]
[SourceDate "2007.11.25"]
[SourceVersion "1"]
[SourceVersionDate "2007.11.25"]
[SourceQuality "1"]
[WhiteTeam "Topolcany"]
[BlackTeam "Nove Zamky II"]
[WhiteTeamCountry "SVK"]
[BlackTeamCountry "SVK"]

1. c4 e5 2. d3 Nf6 3. Nf3 Bb4+ 4. Bd2 Bxd2+ 5. Qxd2 d6 6. g3 c6 7. Bg2 0-0 8. 0-0 Nbd7 9. Nc3 Qe7 10. Rab1 Rd8 11. Rfc1 Nb6 12. a4 d5 13. a5 d4 14. axb6 dxc3 15. bxc3 axb6 16. Qe3 Ng4 17. Qxb6 Ra6 18. Qb4 Qc7 19. Ra1 c5 20. Qb2 Rxa1 21. Rxa1 Bd7 22. h3 Nf6 23. Ra7 Bc6 24. Nd2 Bxg2 25. Kxg2 Rb8 26. Qb5 Nd7 27. Nb3 Kf8 28. Na5 Nb6 29. d4 exd4 30. cxd4 cxd4 31. c5 Nc8 32. Rxb7 Rxb7 33. Nxb7 Ne7 34. Nd6 g6 35. Qe8+ 1-0

[Event "SVK-chT2B 0607"]
[Site "Slovakia"]
[Date "2007.03.17"]
[Round "10.1"]
[White "Belan, Jozef"]
[Black "Petras, Karol"]
[Result "1-0"]
[WhiteElo "2089"]
[BlackElo "1902"]
[PlyCount "85"]
[EventDate "2006.10.14"]
[EventType "team-tourn"]
[EventRounds "11"]
[EventCountry "SVK"]
[SourceTitle "EXT 2008"]
[Source "ChessBase"]
[SourceDate "2007.11.25"]
[SourceVersion "1"]
[SourceVersionDate "2007.11.25"]
[SourceQuality "1"]
[WhiteTeam "Topolcany"]
[BlackTeam "Surany"]
[WhiteTeamCountry "SVK"]
[BlackTeamCountry "SVK"]

1. Nf3 f5 2. c4 Nf6 3. b3 e6 4. Bb2 Be7 5. e3 c5 6. Be2 Nc6 7. 0-0 0-0 8. d4 cxd4 9. exd4 d5 10. Nc3 Ne4 11. a3 Nxc3 12. Bxc3 Bd6 13. Qd2 Rf6 14. b4 Rh6 15. h3 a6 16. Rfe1 Bd7 17. Qc1 f4 18. Ne5 Bxe5 19. dxe5 Qg5 20. Bg4 d4 21. Bd2 Rf8 22. Re4 Qg6 23. Rxf4 Re8 24. Qe1 Qc2 25. Rc1 Qb2 26. Re4 Rf8 27. b5 Ne7 28. bxa6 bxa6 29. Rb1 Qc2 30. Rxd4 Bc6 31. Bxh6 gxh6 32. Bxe6+ Kh8 33. Bd5 Be8 34. Be4 Qa2 35. Rb8 Qxa3 36. Qd2 Ng6 37. Rdd8 Qa1+ 38. Qd1 Qxe5 39. Bxg6 hxg6 40. Qd4 Qxd4 41. Rxd4 Kg7 42. Rdd8 Kf7 43. c5 1-0

[Event "SVK-chT2B 0607"]
[Site "Slovakia"]
[Date "2007.02.04"]
[Round "9.6"]
[White "Szaraz, Bela"]
[Black "Belan, Jozef"]
[Result "0-1"]
[WhiteElo "2075"]
[BlackElo "2089"]
[PlyCount "66"]
[EventDate "2006.10.14"]
[EventType "team-tourn"]
[EventRounds "11"]
[EventCountry "SVK"]
[SourceTitle "EXT 2008"]
[Source "ChessBase"]
[SourceDate "2007.11.25"]
[SourceVersion "1"]
[SourceVersionDate "2007.11.25"]
[SourceQuality "1"]
[WhiteTeam "Batorove Kosihy"]
[BlackTeam "Topolcany"]
[WhiteTeamCountry "SVK"]
[BlackTeamCountry "SVK"]

1. c4 e6 2. e3 Nf6 3. Nf3 Be7 4. Be2 0-0 5. 0-0 d5 6. b3 Nbd7 7. Bb2 dxc4 8. bxc4 Nc5 9. d3 Bd7 10. Nc3 Bc6 11. Ne5 Ncd7 12. Nxc6 bxc6 13. Qc2 Rb8 14. Rad1 Qc8 15. Rd2 Bb4 16. d4 Nb6 17. f4 Re8 18. Kh1 a5 19. a3 Bf8 20. e4 g6 21. f5 exf5 22. exf5 gxf5 23. Bd3 Ne4 24. Nxe4 fxe4 25. Bxe4 Rxe4 26. Qxe4 Nxc4 27. Bc3 Nxd2 28. Bxd2 Qe6 29. Qf3 Rb3 30. Qh5 Qg6 31. Qd1 Rxa3 32. Rf4 Bg7 33. Rg4 Qxg4 0-1

[Event "SVK-chT2B 0607"]
[Site "Slovakia"]
[Date "2007.01.13"]
[Round "7.5"]
[White "Reisel, Frantisek"]
[Black "Belan, Jozef"]
[Result "0-1"]
[WhiteElo "2112"]
[BlackElo "2089"]
[PlyCount "90"]
[EventDate "2006.10.14"]
[EventType "team-tourn"]
[EventRounds "11"]
[EventCountry "SVK"]
[SourceTitle "EXT 2008"]
[Source "ChessBase"]
[SourceDate "2007.11.25"]
[SourceVersion "1"]
[SourceVersionDate "2007.11.25"]
[SourceQuality "1"]
[WhiteTeam "Prievidza II"]
[BlackTeam "Topolcany"]
[WhiteTeamCountry "SVK"]
[BlackTeamCountry "SVK"]

1. d4 d5 2. Nf3 Nf6 3. Bg5 e6 4. e3 Be7 5. Bd3 0-0 6. Nbd2 b6 7. c3 Bb7 8. Qc2 Nbd7 9. 0-0 c5 10. b3 Rc8 11. Qb2 Ne4 12. Bxe7 Qxe7 13. Rac1 e5 14. Bb5 Nxd2 15. Qxd2 e4 16. Ne1 f5 17. f4 Nf6 18. Be2 Kh8 19. Nc2 Rg8 20. c4 g5 21. g3 Rg6 22. dxc5 bxc5 23. cxd5 Nxd5 24. Bc4 Rd8 25. Rcd1 Rgd6 26. fxg5 Qxg5 27. Qf2 f4 28. Bxd5 fxg3 29. hxg3 Bxd5 30. Qf4 Rg6 31. Kg2 Rdg8 32. Qxg5 Rxg5 33. Kf2 Be6 34. Rg1 Bg4 35. Rd2 h5 36. Ke1 Bh3 37. Rd6 Kh7 38. Kf2 h4 39. b4 cxb4 40. Nxb4 hxg3+ 41. Ke1 Rb8 42. Rd4 a5 43. Nc2 g2 44. Rxe4 Rb1+ 45. Kf2 Rf1+ 0-1

[Event "SVK-chT2B 0607"]
[Site "Slovakia"]
[Date "2006.11.26"]
[Round "4.2"]
[White "Valovic, Stefan"]
[Black "Belan, Jozef"]
[Result "0-1"]
[WhiteElo "1890"]
[BlackElo "2089"]
[PlyCount "78"]
[EventDate "2006.10.14"]
[EventType "team-tourn"]
[EventRounds "11"]
[EventCountry "SVK"]
[SourceTitle "EXT 2008"]
[Source "ChessBase"]
[SourceDate "2007.11.25"]
[SourceVersion "1"]
[SourceVersionDate "2007.11.25"]
[SourceQuality "1"]
[WhiteTeam "Topolcianky"]
[BlackTeam "Topolcany"]
[WhiteTeamCountry "SVK"]
[BlackTeamCountry "SVK"]

1. d4 Nf6 2. Bg5 e6 3. Nf3 Be7 4. e3 b6 5. Bd3 Bb7 6. 0-0 0-0 7. c4 c5 8. Nc3 d6 9. Re1 Nbd7 10. Qc2 h6 11. Bh4 Rc8 12. Rad1 Re8 13. Bg3 cxd4 14. exd4 Nh5 15. Qe2 Ndf6 16. Nd2 Nxg3 17. hxg3 Bf8 18. Nde4 Nxe4 19. Nxe4 d5 20. Nc3 Bb4 21. cxd5 Bxc3 22. bxc3 Qxd5 23. f3 Qd6 24. Bb5 Red8 25. Qe3 Qxg3 26. Rc1 Rd5 27. Bf1 Rf5 28. Qf2 Rxf3 29. Qxg3 Rxg3 30. c4 Rg4 31. Red1 Rd8 32. c5 bxc5 33. Rxc5 Rdxd4 34. Rb1 Bxg2 35. Bxg2 Rd2 36. Rc8+ Kh7 37. Kf1 Rgxg2 38. Rbc1 Rxa2 39. R8c7 Rgf2+ 0-1

[Event "SVK-chT2B 0607"]
[Site "Slovakia"]
[Date "2006.11.25"]
[Round "3.2"]
[White "Hoferik, Stefan"]
[Black "Belan, Jozef"]
[Result "0-1"]
[WhiteElo "1842"]
[BlackElo "2089"]
[PlyCount "202"]
[EventDate "2006.10.14"]
[EventType "team-tourn"]
[EventRounds "11"]
[EventCountry "SVK"]
[SourceTitle "EXT 2008"]
[Source "ChessBase"]
[SourceDate "2007.11.25"]
[SourceVersion "1"]
[SourceVersionDate "2007.11.25"]
[SourceQuality "1"]
[WhiteTeam "Povazska Bystrica II"]
[BlackTeam "Topolcany"]
[WhiteTeamCountry "SVK"]
[BlackTeamCountry "SVK"]

1. d4 Nf6 2. c4 g6 3. Nc3 d5 4. cxd5 Nxd5 5. e4 Nxc3 6. bxc3 c5 7. Bc4 Bg7 8. Ne2 0-0 9. Be3 Nc6 10. 0-0 Qc7 11. Rc1 Rd8 12. f4 Na5 13. Bd3 c4 14. Bc2 f5 15. Ng3 e6 16. Qe2 b6 17. Rfe1 Bd7 18. Qf2 Nb7 19. e5 Bc6 20. Bd1 Qd7 21. Rb1 Bf8 22. Be2 Na5 23. Bc1 Be7 24. Bf3 Kf7 25. Nf1 Qb7 26. Re3 Bd5 27. Qe2 Rab8 28. Bxd5 Qxd5 29. Qf3 Kg7 30. Qxd5 Rxd5 31. Re2 h6 32. Ne3 Rd7 33. Reb2 g5 34. g3 Kf7 35. Rb5 Rg8 36. Ng2 Rgd8 37. Kf2 Rd5 38. R5b2 Ba3 39. Rc2 Be7 40. Rcb2 R5d7 41. Rb5 Rg8 42. Ne1 Nc6 43. Ng2 Nb8 44. Be3 Na6 45. R5b2 Nc7 46. a4 Rd5 47. Ra2 Ra5 48. Rba1 Nd5 49. Bd2 Ke8 50. Ne3 Nxe3 51. Bxe3 Kd7 52. Ke2 Kc6 53. Bd2 Kd5 54. Kf3 Bd8 55. Rb1 a6 56. Rba1 Rg7 57. h3 gxf4 58. Bxf4 h5 59. Bh6 Rf7 60. h4 Rb7 61. Bf8 b5 62. Bb4 Rxa4 63. Rxa4 bxa4 64. Rxa4 a5 65. Bf8 Rb3 66. Ra3 Kc6 67. Ke2 Kb5 68. Kd1 Rxa3 69. Bxa3 Ka4 70. Bb2 Kb3 71. Kc1 a4 72. Ba1 a3 73. Kb1 a2+ 74. Kc1 Be7 75. Kd2 Bf8 76. d5 exd5 77. e6 Be7 78. Kc1 Ba3+ 79. Kd2 Bd6 80. Kd1 Ka4 81. Ke2 Kb5 82. Kd2 Kc6 83. Ke3 Bxg3 84. Kd4 Bxh4 85. Ke5 f4 86. Kxf4 Kd6 87. Kf5 Bd8 88. Bb2 h4 89. Ba3+ Kc6 90. Bb2 h3 91. Kg6 h2 92. Kf7 h1Q 93. e7 Bxe7 94. Kxe7 Qb1 95. Kf6 Qxb2 96. Kg6 a1Q 97. Kf5 Qe1 98. Kg4 Qg2+ 99. Kf4 Qgf2+ 100. Kg4 Qeg1+ 101. Kh3 Qfh2# 0-1

[Event "SVK-chT3B 0203"]
[Site "Slovakia"]
[Date "2003.??.??"]
[Round "?"]
[White "Vrbica, Ladislav"]
[Black "Belan, Jozef"]
[Result "1/2-1/2"]
[WhiteElo "2117"]
[BlackElo "2100"]
[PlyCount "103"]
[EventDate "2002.10.??"]
[EventType "team"]
[EventRounds "11"]
[EventCountry "SVK"]
[SourceTitle "EXT 2005"]
[Source "ChessBase"]
[SourceDate "2004.11.15"]
[SourceVersion "1"]
[SourceVersionDate "2004.11.15"]
[SourceQuality "1"]

1. c4 c5 2. Nc3 Nf6 3. g3 e6 4. Nf3 b6 5. Bg2 Bb7 6. 0-0 Be7 7. d4 cxd4 8. Nxd4 Bxg2 9. Kxg2 a6 10. b3 Qc7 11. Bb2 Qb7+ 12. Kg1 0-0 13. Qd3 d6 14. Rfd1 Nbd7 15. Qf3 Qxf3 16. Nxf3 Rfc8 17. Rac1 Rc7 18. Nd2 Rac8 19. Nde4 Ne8 20. Ba3 Rc6 21. e3 f5 22. Nd2 Bf6 23. Ne2 Kf7 24. e4 g6 25. exf5 gxf5 26. f4 Nc5 27. Nf3 Ne4 28. Nd2 Nxd2 29. Rxd2 b5 30. cxb5 Rxc1+ 31. Bxc1 axb5 32. Ba3 Ke7 33. Bb4 Kd7 34. Kf2 d5 35. Ke3 Nd6 36. Bxd6 Kxd6 37. Kd3 b4 38. Rd1 h5 39. Rc1 Ra8 40. Rc2 h4 41. Ke3 hxg3 42. hxg3 Rg8 43. Kf3 e5 44. fxe5+ Bxe5 45. Nf4 Bc3 46. Nd3 Rg4 47. Nf4 Be1 48. Rg2 d4 49. Nd3 Re4 50. Re2 Rxe2 51. Kxe2 Bc3 52. Kf2 1/2-1/2